| 000 | 00908nam a2200229Ia 4500 | ||
|---|---|---|---|
| 999 |
_c39486 _d39486 |
||
| 001 | 6082 | ||
| 003 | GE_BSU | ||
| 005 | 20190812143138.0 | ||
| 008 | 181216s2011||||ge |||||||||||||| ||geo|| | ||
| 020 | _a9789941920615 | ||
| 040 | _cGE_BSU | ||
| 041 | _ageo | ||
| 080 | _a94(37)(092) ტ 75 | ||
| 100 |
_aტრანკვილუსი, გაიუს სვეტონიუს _93509 |
||
| 245 |
_aთორმეტი კეისრის ცხოვრება / _cგაიუს სვეტონიუს ტრანკვილუსი. |
||
| 264 |
_aთბილისი : _bპეგასი ; _c2011. |
||
| 300 |
_a419 გვ. ; _c22 სმ. |
||
| 541 | _h15ლ. | ||
| 653 | _aრომის იმპერიის მმართველთა ცხოვრება | ||
| 653 | _aთორმეტი კეისრის ცხოვრება | ||
| 942 |
_cBK _2udc |
||